000 00480nam a2200181Ia 4500
008 090124s9999 xx 000 0 und d
082 _b21365
100 _aभावे म.पां.
245 _a अबोली
250 _a1
260 _bअभिनव प्रकाशन
_c1974
300 _a126
600 _aभावे म.पां.
630 _a अबोली
700 _aभावे म.पां.
730 _a अबोली
942 _cBOOK
999 _c91381
_d91381